[Event "Santa Maria SMXC Cup-A 6th"]
[Site "Santa Maria de Jetiba"]
[Date "2020.05.31"]
[Round "12"]
[White "Santos, Leonardo Bortolotti"]
[Black "Kanopf, Cristian Da Silva"]
[Result "1-0"]
[WhiteElo "2034"]
[BlackElo "1780"]
[PlyCount "52"]
[EventDate "2019.12.21"]
[EventType "tourn"]
[EventRounds "14"]
[EventCountry "BRA"]
[SourceTitle "EXT 2021"]
[Source "ChessBase"]
[SourceDate "2020.10.23"]
[SourceVersion "1"]
[SourceVersionDate "2020.10.23"]
[SourceQuality "1"]

1. e4 c5 2. Nf3 d6 3. d4 cxd4 4. Nxd4 Nf6 5. Nc3 a6 6. Be2 e6 7. Be3 Nbd7 8. Qd2 Be7 9. 0-0-0 Qc7 10. f4 Nc5 11. Bf3 Bd7 12. g4 h6 13. h4 Bc6 14. Nxc6 bxc6 15. g5 hxg5 16. hxg5 Rxh1 17. Rxh1 Nfd7 18. Rh8+ Bf8 19. g6 f5 20. exf5 exf5 21. Bxc5 dxc5 22. Be2 Nf6 23. Bc4 Nd5 24. Nxd5 cxd5 25. Bxd5 Rd8 26. Qe3+ Kd7 1-0